000 01021nac a22002897a 4500
001 BR8703939
003 BR-BrBNA
005 20240105120520.0
008 230509b bl.|||m| |||| 00| 0 por d
040 _aBR-BrBNA
_bpor
_cBiblioteca Nacional de Agricultura
072 _aF01; F30
090 _a0210 BR8703939
100 1 _aFonseca, A.F.A. da
100 1 _aAngeletti, M. da P.
100 1 _aColtri, M.L.
110 1 _aUnidade de Execucao de Pesquisa de Ambito Estadual de Porto Velho, RO (Brasil)
_910373
245 1 _aAvaliacao do comportamento de cultivares de batata (Salanum tuberosum L.)em Rondonia
260 3 _aPorto Velho, RO (Brasil):
_c1986.
300 _a4 p.
490 _aPesquisa em Andamento - Unidade de Execucao de Pesquisa de Ambito Estadual de Porto Velho (Brazil)
_vno. 79
_xISSN 0101-7039
650 _aPRATICA CULTURAL
650 _aBATATA
650 _aCOMPORTAMENTO DE VARIEDADE
650 _aRONDONIA
909 _a202312
_bLúcia Elande
_c55
_dLúcia Elande
942 _2AGRIS
_n0
_cMS
999 _c279892
_d279892